Konjunkturálne trendy v hospodárstve Bulharska
Vývoj hospodárstva v Bulharsku v r. 1990 - 1997. Situácia vo výrobe a v priemysle. Hospodárske ukazovatele. Vývoj zamestnanosti. Vývoj indexu priemyselnej výroby. Výroba ocele a cementu. Vývoj nedokončených bytov.
Na minha lista:
| Autor principal: | |
|---|---|
| Formato: | Livro |
| Idioma: | eslovaco |
| Assuntos: | |
| Tags: |
Sem tags, seja o primeiro a adicionar uma tag!
|
MARC
| LEADER | 00000nam a2200000 4500 | ||
|---|---|---|---|
| 001 | r030163 | ||
| 005 | 20230824093413.0 | ||
| 041 | 0 | |a slo | |
| 044 | |a SK | ||
| 245 | 1 | 0 | |a Konjunkturálne trendy v hospodárstve Bulharska |c Ján Artur Oberhauser |
| 520 | |a Vývoj hospodárstva v Bulharsku v r. 1990 - 1997. Situácia vo výrobe a v priemysle. Hospodárske ukazovatele. Vývoj zamestnanosti. Vývoj indexu priemyselnej výroby. Výroba ocele a cementu. Vývoj nedokončených bytov. | ||
| 610 | 2 | 0 | |a situácia hospodárska |
| 610 | 2 | 0 | |a Bulharsko |
| 610 | 2 | 0 | |a produkt domáci hrubý |
| 610 | 2 | 0 | |a výroba priemyselná |
| 610 | 2 | 0 | |a investície zahraničné |
| 610 | 2 | 0 | |a obchod zahraničný |
| 610 | 2 | 0 | |a zamestnanosť |
| 610 | 2 | 0 | |a byty |
| 610 | 2 | 0 | |a oceliarstvo |
| 610 | 2 | 0 | |a cement |
| 610 | 2 | 0 | |a ukazovatele ekonomické |
| 610 | 2 | 0 | |a 1990-1997 |
| 100 | 1 | |a Oberhauser, Ján Artur | |